[Event "RUS-ch 68th"]
[Site "Chita"]
[Date "2015.08.14"]
[Round "6"]
[White "Vitiugov, Nikita"]
[Black "Khismatullin, Denis Rimovich"]
[Result "1-0"]
[WhiteElo "2719"]
[BlackElo "2642"]
[Annotator "Sagar,Shah"]
[PlyCount "115"]
[EventDate "2015.08.09"]
[EventType "tourn"]
[EventRounds "11"]
[EventCountry "RUS"]
[EventCategory "18"]
[SourceTitle "CBM 168"]
[Source "ChessBase"]
[SourceDate "2015.09.14"]
[SourceVersion "1"]
[SourceVersionDate "2015.09.14"]
[SourceQuality "1"]

1. d4 Nf6 2. c4 e6 3. Nf3 d5 4. Bg5 {Many players are opting for g5 before c3 so that they can develop their knight to d2.} c6 5. e3 Nbd7 6. Nbd2 h6 7. Bh4 g5 {As is usual, Khismatullin goes for an unusual move which brings the game outside the realms of theory. But this is quite risky as he is weakening his kingside without White having committed any serious waste of time.} (7... Be7 {would be the normal way to continue.}) 8. Bg3 Nh5 9. Bd3 Nxg3 10. hxg3 Bg7 11. Qc2 $146 ({RR} 11. cxd5 exd5 12. Qc2 a5 13. Bf5 a4 14. a3 O-O 15. O-O Re8 16. Rfe1 Nf8 17. Bxc8 Qxc8 18. Nb1 Ne6 19. Nc3 c5 20. Nxd5 cxd4 21. Qf5 Qd8 22. e4 Nf8 23. Rac1 Ra5 24. Rc4 Ng6 25. Rec1 Qd6 {Ghaem Maghami,E (2519)-Suleymanli,A (2537) Warsaw 2021 1-0 (57)}) ({RR} 11. cxd5 exd5 12. Qc2 a5 13. Bf5 a4 14. a3 O-O 15. O-O Re8 16. Rfe1 Nf8 17. Bxc8 Qxc8 18. Nb1 Ne6 19. Nc3 c5 20. Nxd5 cxd4 21. Qf5 Qd8 22. e4 Nf8 23. Rac1 Ra5 24. Rc4 Ng6 25. Rec1 Qd6 {Ghaem Maghami,E (2519)-Suleymanli,A (2537) Warsaw 2021 1-0 (57)}) 11... Qe7 12. Rc1 O-O {Thanks to the bishop on g7 Black has no worries about castling short in spite of the h-file being open.} 13. O-O e5 {With the two bishops, it's a normal strategy to open up the position.} 14. cxd5 cxd5 15. dxe5 (15. e4 $5 {This confrontation of the pawns in the centre of the board is quite confusing. However, if Black plays accurately then he can equalise without much difficulty.} exd4 $1 (15... dxe4 16. Bxe4 exd4 17. Rfe1 Qd6 18. Nc4 $36) 16. exd5 Nb6 17. Nb3 Nxd5 $11) 15... Nxe5 16. Nxe5 Qxe5 17. b4 (17. b3 Bg4 18. Nf3 Qb2 19. Qxb2 Bxb2 20. Rc7 {is the same as the game with the pawn on b3 instead of b4. I think the pawn on b4 could be much more useful as White can later expand further on the queenside with a4-b5 etc.}) 17... Bg4 18. Nf3 Qb2 19. Qxb2 Bxb2 20. Rc7 {White has a rook on c7 which is well placed and Black has an isolated pawn. These disadvantages for Black are balanced by the fact that he has the bishop pair. If you take into consideration the fact that bishop pair is the only good thing that Black has in this position, Khismatullin's next move can be roundly condemned.} Bxf3 $2 {When you give up the best thing in your position, you can understand that you are in for a long drawn out defensive task.} (20... b6 {I am sure that Khismatullin did not like} 21. Ba6 $14 {at this point which kept the control of the c-file.}) (20... Rab8 $1 {The idea is to challenge the rook on the c-file next.} 21. Rb1 Bf6 22. Rbc1 Rfc8 $11 {The position is completely balanced.}) 21. gxf3 $16 Rab8 22. Rb1 $6 (22. Bf5 $1 {Keeping the c-file under control was more important.} d4 (22... Rfd8 23. f4 Bf6 {Trying to get the bishop out of b2 before going for d5-d4.} 24. Rd1 d4 25. e4 $1 $16 {[%cal Ge4e5]}) (22... Be5 23. Rc5 Bd6 24. Rxd5 Bxb4 25. Rb1 a5 26. a3 Bxa3 27. Rxa5 Bd6 28. Rab5 $16 {b7 falls and White keeps decent winning chances.}) 23. Rb1 Bc3 24. Kg2 {and it is not so easy for Black to get rid of his d4-pawn.}) 22... Be5 23. Rc5 Rfd8 24. Rd1 Bf6 25. Bc2 $6 (25. Bf5 d4 26. e4 $14) 25... d4 $1 {Black is able to get rid off the main weakness in his position.} 26. Bb3 dxe3 27. Rxd8+ Bxd8 $6 {Why make this passive move when taking with the rook was also possible?} (27... Rxd8 28. fxe3 Rd7 $11 {and Black is completely fine.}) 28. fxe3 Kf8 $6 (28... Bb6 $5 29. Re5 Rc8 {activating the rook.} 30. Re7 Rc7 $1 31. Bxf7+ Kf8 32. Rxc7 Bxc7 33. Bd5 Bxg3 34. Bxb7 $11 {This should be an easy draw.}) 29. Kg2 Ke7 30. f4 f6 31. Rc4 b5 32. Re4+ Kf8 33. Kf3 h5 34. Rd4 Ke7 $2 (34... Be7 $14 {Black is passive but still holding on to everything.}) 35. Rd5 $1 {Now a pawn is lost.} h4 (35... Kf8 36. Rd7 a6 37. Rf7+ Ke8 38. Ra7 $16 {[%cal Ga7a6,Gb3f7]}) 36. gxh4 gxh4 37. Rh5 a5 38. bxa5 Bxa5 39. Rxh4 $16 {Even though thanks to the opposite coloured bishops Black has decent drawing chances, his task is not so easy. White not only has an extra pawn but also well co-ordinated pieces. Slowly and steadily Vitiugov increased the pressure and won the game.} Kd6 40. Rh5 Bc3 41. Rd5+ Kc6 42. Rd1 Rh8 43. Kg4 Rh2 44. Rd8 Kc7 45. Re8 Kd6 46. Kf5 Re2 47. Kg6 Rg2+ 48. Kf7 Rh2 49. e4 Rh7+ (49... Rf2 50. Rd8+ Kc7 51. Rd5 b4 (51... Rxf4 52. Rc5+ $18) 52. Rf5 $14) 50. Kg6 Re7 51. Rd8+ Rd7 $6 (51... Kc7 $142 $16) 52. Rb8 $1 b4 53. e5+ $1 {A very strong breakthrough which wins for White.} fxe5 54. f5 $1 Kc7 (54... e4 55. f6 Bxf6 56. Kxf6 $18 {should be an elementary victory for White.}) 55. Re8 $1 Rd8 56. Re7+ Rd7 57. f6 Kd8 (57... Rxe7 58. fxe7 Kd7 59. Kf7 $18) 58. Rxd7+ {Khismatullin played the opening quite imaginatively and equalised but his move 20...xf3 was a pretty bad one and gave White chances in the game.} (58. Rxd7+ Kxd7 59. f7 Ke7 60. Kg7 $18) 1-0

[Event "USA-ch"]
[Site "Saint Louis"]
[Date "2017.03.31"]
[Round "3"]
[White "Akobian, Varuzhan"]
[Black "Naroditsky, Daniel"]
[Result "0-1"]
[WhiteElo "2645"]
[BlackElo "2646"]
[Annotator "Yermolinsky,Alex "]
[PlyCount "116"]
[EventDate "2017.03.29"]
[EventType "tourn"]
[EventRounds "11"]
[EventCountry "USA"]
[EventCategory "18"]
[SourceTitle "CBM 178"]
[Source "ChessBase"]
[SourceDate "2017.05.14"]
[SourceVersion "1"]
[SourceVersionDate "2017.05.14"]
[SourceQuality "1"]

1. d4 Nf6 2. c4 e6 3. Nf3 d5 4. Bg5 Bb4+ 5. Nbd2 dxc4 6. a3 ({RR} 6. Qa4+ Nc6 7. a3 Bxd2+ 8. Bxd2 Qd5 9. Qc2 Nxd4 10. Nxd4 Qxd4 11. Bc3 Qg4 12. f3 Qh4+ 13. g3 Qh6 14. e4 Bd7 15. Bxc4 Bc6 16. Qf2 O-O 17. O-O Rfd8 18. Rad1 b6 19. Bd2 Qg6 20. Bf4 Nxe4 {Carlsen,M (2775)-Morozevich,A (2788) Moscow 2008 1-0 (46)}) 6... Bxd2+ ({RR} 6... Ba5 7. Qa4+ Nc6 8. Qxc4 h6 9. Bxf6 Qxf6 10. b4 Bb6 11. e3 O-O 12. Bd3 Bd7 13. Rc1 Qe7 14. Bb1 a5 15. b5 Na7 16. a4 c6 17. Qc2 f5 18. Nc4 Bd8 19. bxc6 Nxc6 20. Qb3 Qb4+ 21. Nfd2 {Ipatov,A (2644)-Liu,Y (2516) Hong Kong HKG 2026 0-1 (38)}) 7. Qxd2 Nbd7 8. a4 $146 ({RR} 8. Qb4 h6 9. Bh4 b6 10. e3 c5 11. dxc5 Nxc5 12. Bxc4 O-O 13. O-O Bb7 14. Rfd1 Qe7 15. Be2 Rfd8 16. h3 Kf8 17. Ne5 g5 18. Bg3 Nce4 19. Bh2 Rxd1+ 20. Rxd1 Qxb4 21. axb4 Nd5 22. f3 Nef6 {Ipatov,A (2631)-Nihal,S (2618) Chess.com INT 2020 ½-½ (51)}) ({RR} 8. Qb4 h6 9. Bh4 b6 10. e3 c5 11. dxc5 Nxc5 12. Bxc4 O-O 13. O-O Bb7 14. Rfd1 Qe7 15. Be2 Rfd8 16. h3 Kf8 17. Ne5 g5 18. Bg3 Nce4 19. Bh2 Rxd1+ 20. Rxd1 Qxb4 21. axb4 Nd5 22. f3 Nef6 {Ipatov,A (2631)-Nihal,S (2618) Chess.com INT 2020 ½-½ (51)}) 8... c5 9. e3 cxd4 10. Nxd4 h6 11. Bxf6 Nxf6 12. Bxc4 O-O 13. Qb4 Nd5 14. Qc5 b6 15. Qc6 Bd7 16. Qd6 Nf6 17. b3 Rc8 18. Bb5 Bxb5 19. Qxd8 Rfxd8 20. axb5 Rd5 21. O-O Rc7 22. Rfc1 Rxc1+ 23. Rxc1 e5 24. Nc6 Rxb5 25. Nxa7 Rxb3 26. Nc6 {Some unconvincing play by Akobian led him to a difficult endgame while low on time.} Rb5 {Naroditsky starts off with the correct move.} (26... e4 $2 {would have surrendered an important square to the white knight.} 27. Nd4) 27. h3 Ne4 $2 {And then he goes wrong!} ({White wasn't threatening anything. If his knight moves Black will have ...c5, so a gradual improvement with} 27... g6 {was in order.}) 28. f3 Nd6 29. e4 Kh7 $6 {This just feels wrong.} ({Although it may have been too late for} 29... g6 30. Rd1 Nc4 31. Rd8+ Kg7 32. Rd7) 30. h4 h5 31. Kh2 f6 32. Ne7 $2 {R+N endgames are largely tactical. It's important to find targets and hit them hard.} (32. Nd8 $1 Rc5 33. Rd1 Nc4 (33... Nb5 34. Rb1) 34. Rd7 {planning e6 would do just that.}) 32... Rc5 33. Rd1 Nc8 $5 {This is where you need time to correctly assess all possible simplifications.} 34. Nd5 $2 (34. Nxc8 Rxc8 35. Rb1 Rb8 {This only looks great for Black, who has his rook behind the passed pawn. In reality,} 36. Rb5 Kg8 37. Kg3 Kf7 38. f4 exf4+ 39. Kxf4 g6 40. g4 hxg4 41. Kxg4 Ke6 42. h5 gxh5+ 43. Kxh5 Kd6 44. Kg6 {is an easy draw.}) 34... b5 35. Ne3 {Varuzhan was mainly concerned with making the time control without blundering.} ({Truth to tell, it was too late for active play anyway:} 35. Ra1 f5 36. Ra6 fxe4 37. fxe4 Rc4 {and Black gets the second pawn.}) 35... b4 36. Rb1 Rb5 37. Rb3 Ne7 38. Kg3 Nc6 39. Nd5 Rc5 40. Rb2 Rb5 41. Rb3 f5 42. Kf2 fxe4 43. fxe4 Rb7 44. g4 (44. Ke3 {would allow Black to make an important step forward:} Nd4 45. Rb2 b3) 44... hxg4 45. Kg3 Kg6 46. Kxg4 Kf7 47. h5 Ke6 48. Kg5 Kd6 49. Kg6 Kc5 {Once again, Akobian was very low on time.} 50. Kh7 $2 {A wild attempt to get around to capturing the g7-pawn.} ({Paradoxically, he should have parted with his knight right away:} 50. Nxb4 Nxb4 51. Rf3 Kd4 (51... Nc6 52. Rf7 Rb1 53. Kxg7 Rg1+ {and now White saves a draw with a spectacular idea:} 54. Kh7 $3 Kd4 55. h6 Kxe4 56. Kh8 Nb4 57. h7 {Self-stalemating!} Nd5 {the last thing left to do is to get rid of your own rook:} 58. Rf4+ Kd3 59. Rd4+) 52. Rf7 Rb6+ 53. Kxg7 Nd3 54. Rf6 (54. h6 Nf4 55. h7 Nh5+ 56. Kf8 Kxe4 57. Rf1 Rb7 58. Kg8 Rg7+ 59. Kh8 Rg3 60. Rf4+ {the same stalemate motif}) 54... Rb7+ 55. Rf7 Rb1 56. h6 Rg1+ 57. Kh8 Nf4 58. h7 Ng6+ 59. Kg7 Kxe4 60. Rf6 Nf4+ 61. Kh8 {and once again!}) 50... Kd4 51. Nxb4 Nxb4 52. Rg3 Kxe4 53. Rxg7 Rb6 {Now White comes up short of his goals, maybe by a tempo or two.} 54. Rg6 Rb8 55. h6 Nd5 56. Kg7 Rb7+ 57. Kf8 Kf5 58. Rg1 Nf6 0-1

[Event "Norway Chess 2nd"]
[Site "Stavanger"]
[Date "2014.06.03"]
[Round "1"]
[White "Karjakin, Sergey"]
[Black "Topalov, Veselin"]
[Result "1/2-1/2"]
[WhiteElo "2771"]
[BlackElo "2772"]
[Annotator "Marin,Mihail"]
[PlyCount "95"]
[EventDate "2014.06.03"]
[EventType "tourn"]
[EventRounds "9"]
[EventCountry "NOR"]
[EventCategory "21"]
[SourceTitle "CBM 161"]
[Source "ChessBase"]
[SourceDate "2014.07.16"]
[SourceVersion "1"]
[SourceVersionDate "2014.07.16"]
[SourceQuality "1"]

{With the help of Valentin Stoica.} 1. d4 {Schulz,Andre} Nf6 2. c4 e6 3. Nf3 d5 4. e3 {This has become increasingly popular over the last year. When I started playing it a bit earlier I thought I could find a shelter from forced variations, allowing me to be alone, one to one, with my opponent. Theory's tentacles are reaching here, too, unfortunately.} a6 $5 ({In order to have some reference points it is essential to know that the following more natural continuation would most likely transpose to the 4.e3 QI variation.} 4... Be7 5. b3 O-O 6. Bd3 c5 7. O-O cxd4 8. exd4 Nc6 9. Bb2 b6 10. Nbd2 Bb7 11. Rc1 Rc8 12. Qe2 Re8 13. Rfd1 Bf8 14. h3 (14. Nf1 g6 15. Ne3 dxc4 16. bxc4 Bg7 {Karpov,A (2740)-Morovic Fernandez,I (2605) Las Palmas 1994 (1-0, 39)}) 14... g6 15. Qe3 Bg7 {Smyslov,V (2600)-Ribli,Z (2615) London 1983 (1-0, 65)}) 5. b3 ({Black would be just too glad to get an extra tempo over the QGA after} 5. Bd3 dxc4 6. Bxc4 b5) 5... c5 6. Bb2 cxd4 7. exd4 g6 $5 {The only justification for the 4th move. If Black develops normally with ...e7, he will have just wasted a tempo with ...a6. But since the bishop is heading for g7 in the long run, it makes sense to save two tempi with the last move.} 8. Bd3 Bg7 9. O-O O-O 10. Nbd2 Nc6 11. Ne5 $5 $146 {The only way to question Black's opening play. After all, everything which he has been doing was rather time consuming so he is behind with his general developing plan involving ...b6 and ...b7.} (11. Rc1 dxc4 (11... b6 12. Ba3 Ne7 13. Ne5 Bb7 14. c5 bxc5 15. Bxc5 $14 {Shengelia,D (2558)-Feher,A (2340) Austria 2012 (½-½, 58)}) 12. bxc4 b6 13. Ne4 (13. Ba3 Re8 14. Ne4 Nxe4 15. Bxe4 Bb7 16. Ne5 Nxe5 17. Bxb7 Ra7 18. dxe5 {½-½ (18) Khenkin,I (2574)-Haslinger,S (2544) Delft 2014}) 13... Bb7 14. Ba3 Nxd4 15. Bxf8 Bxf8 16. Nxf6+ Qxf6 $44 {Anton Guijarro,D (2574)-Bruzon Batista,L (2699) Linares 2013 (½-½, 30)}) ({RR} 11. Rc1 b6 12. Re1 Bb7 13. a3 Rc8 14. Qe2 dxc4 15. bxc4 Re8 16. h3 Qc7 17. Qe3 Ne7 18. Ne5 Nf5 19. Bxf5 exf5 20. Ndf3 Bxf3 21. Qxf3 Ne4 22. Re2 Qd6 ({RR} 22... Rcd8) 23. Qb3 ({RR} 23. Rxe4 fxe4 24. Qxf7+) 23... Bxe5 24. dxe5 Qc6 25. Qe3 Rcd8 {Radjabov,T (2738)-Carlsen,M (2850) Berlin 2015 CBM 168 Extra [Schulz,Andre] 1-0 (41)} ({RR} 25... Re6)) 11... Bd7 {Deviating from the aforementioned plan.} (11... Nxd4 $5 {is tempting, but maybe not 100% equalising.} 12. Bxg6 $1 (12. Bxd4 dxc4 13. Bc5 cxd3 14. Bxf8 Qxf8 $15) 12... hxg6 13. Bxd4 {White has some lead in development, making the weaknesses on the dark squares rather dangerous for Black.} Nd7 (13... b6 14. Qf3 Bb7 15. Rad1 Nd7 (15... Qc7 16. Qe3 $1 Nd7 17. Nxd7 Qxd7 18. Bxg7 Kxg7 19. Qxb6 d4 20. f4) 16. Nxd7 Qxd7 17. Bxb6 d4 18. Qg4 Qc6 19. c5 e5 20. f3 $14) 14. Qe2 (14. Nxd7 Bxd7 15. Bxg7 Kxg7 16. cxd5 Bb5) 14... Nxe5 15. Bxe5 f6 (15... Bd7 16. Rfd1 Bc6 17. Nf3 Rc8 18. Qe3 $14) 16. Bb2 e5 (16... d4 17. Qg4) 17. Ba3 Rf7 18. cxd5 Qxd5 19. Nc4 $14) 12. Ndf3 $6 {Weakening the control over the e4-square so early makes little sense. After ...g7-g6 White should be ready to meet ...xe5 with dxe5, Xf6. It would have been better to develop according to the pattern from the classical games above.} ({True,} 12. Qe2 {would allow} Nb4 $5 13. Bb1 Rc8 {[%csl Ga1]}) (12. Rc1 $1 Rc8 13. Qe2 $14 Bh6 {would achieve very little after} 14. f4) 12... dxc4 $146 {A strange concession.} (12... Nxe5 $142 $1 13. dxe5 (13. Nxe5 Bc6 {It is always good for Black to exchange some minor pieces.}) 13... Ne4 $1 {Here is when the e4-square is important.} 14. Bc2 (14. cxd5 exd5 {[%cal Gd7g4]} 15. h3 Rc8 $132 {[%csl Gc3]}) 14... Bc6 15. Qe2 Nc5 16. Rfd1 Nd7 $1 {[%csl Ge5][%cal Gd5c4,Gc6f3]}) ({RR} 12... Rc8 13. Qe2 dxc4 14. bxc4 Nxe5 15. dxe5 Nh5 16. g3 Bc6 17. Be4 Qc7 18. Ba3 Rfd8 19. Bd6 Qd7 20. Bxc6 Qxc6 21. c5 b6 22. cxb6 Qxb6 23. Rab1 Qc6 24. Rfc1 Qxc1+ 25. Rxc1 Rxc1+ 26. Kg2 Bh6 27. Qxa6 {Hracek,Z (2592)-Ragger,M (2657) Katowice 2017 0-1 (47)}) ({RR} 12... Rc8 13. Re1 Qc7 14. Rc1 dxc4 15. bxc4 Rfd8 16. Qb3 Nxe5 17. dxe5 Nh5 18. g3 Bf8 19. Be4 Bc6 20. Ng5 Be7 21. h4 Ng7 22. Bxc6 Qxc6 23. Ne4 Nf5 24. c5 Rd5 25. Nd6 Rc7 26. Ne4 Rcd7 27. Nd6 {Laurent Paoli,P (2371)-Maurizzi,M (2419) Chartres 2019 ½-½}) 13. bxc4 Qc7 14. a4 $6 {I believe chess has not changed that much since Smyslov and Karpov, at least not when it comes to regrouping in standard positions.} (14. Qe2 $142 Rfd8 15. Rac1 Be8 16. Rfd1 Nxe5 17. Nxe5 (17. dxe5 Nd7) 17... Nd7 18. Ng4 $14 {[%cal Gg4e3,Gd4d5]}) 14... Rfd8 15. Qb3 Nxe5 16. Nxe5 (16. dxe5 Ng4 {[%csl Ge5] With the queen on e2, this would run into h2-h3.} 17. Rfe1 Bc6 {[%csl Ge5]}) 16... Bc6 17. Rfd1 Nd7 $11 18. f4 (18. Ng4 h5 19. Ne3 Qb6 $1 {Once again, we notice that a2-a4 and b3 do not really work to White's favour.}) 18... Nxe5 $6 ({I would prefer increasing the pressure against the white centre with} 18... Qb6) 19. fxe5 Rd7 {In the absence of knights, White's space advantage is not too threatening, but in principle the game starts getting a bit one-sided.} 20. Be2 Qd8 21. a5 Rc8 22. d5 $1 exd5 23. Bg4 $14 d4 24. Bxd7 Qxd7 25. Rxd4 Qe7 26. Re1 Re8 27. Rf4 Qc5+ 28. Bd4 Qxa5 29. Qc3 Qxc3 30. Bxc3 Bh6 31. Rf2 b5 32. Rf6 Bd7 33. Rxa6 bxc4 34. Rea1 Be6 35. Kf2 Bf8 36. Ra8 Bc5+ 37. Ke2 Rxa8 38. Rxa8+ Kg7 39. Ra5 Bb6 40. Ra6 Bg1 41. h3 g5 42. g4 Bh2 43. Ra8 h6 44. Rd8 Kg6 45. Kf3 Bf4 46. h4 h5 47. hxg5 Bc1 48. gxh5+ 1/2-1/2